000 00347 a2200157 4500
001 182646
020 _a
040 _cMagnum
100 _aSaramago, José
240 1 0 _aHistoria do cerco de lisboa
_lpor
245 1 0 _aHistoria do cerco de lisboa
300 _a319
362 0 _a2003
697 _aLITERATURA GERAL ESTRANGEIRA
942 _cBK
999 _c182646
_d182646